| 000 | 01824nam0a2200373 4500 | ||
|---|---|---|---|
| 001 | RU\NLR\bibl\1036837 | ||
| 005 | 20250615002528.0 | ||
| 021 |
_aRU _b2006-79748 _94044 |
||
| 035 | _a(nilc)RSL-KNO-002995437 | ||
| 035 | _a(NLR Aleph) 001024255 | ||
| 090 |
_a718036 _c718036 |
||
| 100 | _a20061208d2006 |||y0rusy50 ca | ||
| 101 | 0 | _arus | |
| 102 | _aRU | ||
| 105 | _aa ||||||||| | ||
| 106 | _ar | ||
| 200 | 1 |
_aФормирование системы стратегического управления долгосрочным развитием государственного мобилизационного резерва _fВ.И. Гасумянов _gС.-Петерб. гос. ун-т экономики и финансов |
|
| 205 | _a[Препринт] | ||
| 210 |
_aМосква _cДиалог _d2006 _eСПб. _gТипография Лесник-Принт |
||
| 215 |
_a16 с. _cил. _d21 |
||
| 606 | 1 |
_aГосударственные резервы _yРоссийская Федерация _92138258 _3RU\NLR\auth\661289118 |
|
| 606 | 1 |
_aЧрезвычайные ситуации _xУправление _yРоссийская Федерация _92289496 _3RU\NLR\auth\661371251 |
|
| 610 | 0 | _aЭкономика -- Российская Федерация -- Общественные фонды -- Государственные материальные резервы -- Стратегическое управление | |
| 686 |
_aУ9(2)0-967.22-210.3,0 _2rubbk |
||
| 686 | _aУ9(2)-85(2Р) | ||
| 686 | _aУ28(2)1 | ||
| 686 | _aУ9(2)-967.22(2Р) | ||
| 700 | 1 |
_aГасумянов _bВ. И. _gВладислав Иванович _4070 |
|
| 801 | 0 |
_aRU _bРКП _c20061208 _grcr |
|
| 801 | 1 |
_aRU _bРГБ _c20061208 |
|
| 801 | 2 |
_aRU _bNLR _c20070129 _grcr |
|
| 942 | _cBOOK | ||
| 980 | _aNB | ||